[Event "Anderssen Festival 2019"]
[Site "Wroclaw"]
[Date "2019.08.06"]
[Round "3.3"]
[White "Kareva, Natalia"]
[Black "Butkiewicz, Lukasz"]
[Result "1/2-1/2"]
[WhiteElo "2135"]
[BlackElo "2425"]
[Annotator "NA"]
[PlyCount "93"]
[EventDate "2019.08.05"]
[EventType "swiss"]
[EventCountry "POL"]
[SourceTitle "playchess.com"]
[Source "ChessBase"]
[SourceQuality "1"]
[TimeControl "40/5400+30:900+30"]

1. d4 {[%emt 0:00:00]} Nf6 {[%emt 0:00:00]} 2. c4 {[%emt 0:00:22]} e6 {[%emt 0:00:06]} 3. g3 {[%emt 0:00:50]} d5 {[%emt 0:02:29]} 4. Bg2 {[%emt 0:00:17]} dxc4 {[%emt 0:00:40]} 5. Qa4+ {[%emt 0:01:59]} Nbd7 {[%emt 0:02:04]} 6. Nf3 {[%emt 0:00:42]} a6 {[%emt 0:00:32]} 7. Ne5 {[%emt 0:04:27]} Be7 {[%emt 0:08:23]} 8. Nc3 {[%emt 0:04:44]} O-O {[%emt 0:01:08]} 9. Qxc4 {[%emt 0:02:23]} Nxe5 {[%emt 0:03:08]} 10. dxe5 {[%emt 0:00:07]} Nd7 {[%emt 0:00:06]} 11. f4 {[%emt 0:01:05]} Rb8 {[%emt 0:01:45]} 12. a4 {[%emt 0:02:17]} c5 {[%emt 0:10:00]} 13. Be3 {[%emt 0:01:24]} Qc7 {[%emt 0:05:14]} 14. O-O {[%emt 0:04:58]} b6 {[%emt 0:00:19]} 15. Rfd1 {[%emt 0:06:22]} Bb7 {[%emt 0:00:59]} 16. Be4 {[%emt 0:09:28]} Bxe4 {[%emt 0:07:40]} 17. Nxe4 {[%emt 0:00:34]} b5 {[%emt 0:01:02]} 18. axb5 {[%emt 0:01:30]} axb5 {[%emt 0:00:43]} 19. Qc2 {[%emt 0:00:14]} Rfc8 {[%emt 0:05:28]} 20. Nd6 {[%emt 0:04:05]} Bxd6 {[%emt 0:02:20]} 21. Rxd6 {[%emt 0:00:42]} Nf8 {[%emt 0:07:47]} 22. Qe4 {[%emt 0:04:28]} Qb7 {[%emt 0:03:28]} 23. Qc2 {[%emt 0:03:50]} b4 {[%emt 0:05:00]} 24. Qc4 {[%emt 0:04:37]} Ra8 {[%emt 0:03:56]} 25. Rad1 {[%emt 0:04:13]} h6 {[%emt 0:01:30]} 26. Kf2 {[%emt 0:02:33]} Rc7 {[%emt 0:03:29]} 27. Rd8 {[%emt 0:03:33]} Rcc8 {[%emt 0:00:58]} 28. R8d6 {[%emt 0:00:15]} Qc7 {[%emt 0:02:44]} 29. h4 {[%emt 0:02:02]} Ra7 {[%emt 0:00:44]} 30. h5 {[%emt 0:00:29]} Qa5 {[%emt 0:02:35]} 31. b3 {[%emt 0:03:36]} Rb7 {[%emt 0:01:03]} 32. g4 {[%emt 0:01:46]} Qb5 {[%emt 0:01:13]} 33. Qxb5 {[%emt 0:02:13]} Rxb5 {[%emt 0:00:04]} 34. Rd8 {[%emt 0:00:05]} Rbb8 {[%emt 0:00:20]} 35. Rxc8 {[%emt 0:00:18]} Rxc8 {[%emt 0:00:02]} 36. Rd6 {[%emt 0:00:09]} g6 {[%emt 0:02:45]} 37. Rb6 {[%emt 0:05:40]} gxh5 {[%emt 0:00:47]} 38. gxh5 {[%emt 0:00:05]} Rc7 {[%emt 0:00:16]} 39. Ke1 {[%emt 0:01:08]} Nd7 {[%emt 0:00:27]} 40. Rb5 {[%emt 0:00:00]} Ra7 {[%emt 0:00:00]} 41. Kd2 {[%emt 0:05:45]} Ra2+ {[%emt 0:02:38]} 42. Kd3 {[%emt 0:00:12]} Rb2 {[%emt 0:05:47]} 43. Rb7 {[%emt 0:02:12]} Rxb3+ {[%emt 0:00:07]} 44. Ke4 {[%emt 0:00:07]} f5+ {[%emt 0:02:02]} 45. Kf3 {[%emt 0:03:00]} Nf8 {[%emt 0:00:17]} 46. Kf2 {[%emt 0:00:48]} c4 {[%emt 0:06:11]} 47. Bc5 {[%emt 0:03:15]} 1/2-1/2

[Event "Anderssen Festival 2019"]
[Site "Wroclaw"]
[Date "2019.08.06"]
[Round "3.4"]
[White "Lalic, Bogdan"]
[Black "Zgadzaj, Rafal"]
[Result "1-0"]
[WhiteElo "2411"]
[BlackElo "2133"]
[Annotator "NA"]
[PlyCount "72"]
[EventDate "2019.08.05"]
[EventType "swiss"]
[EventCountry "POL"]
[SourceTitle "playchess.com"]
[Source "ChessBase"]
[SourceQuality "1"]
[TimeControl "40/5400+30:900+30"]

1. d4 {[%emt 0:07:57]} g6 {[%emt 0:00:00]} 2. c4 {[%emt 0:00:13]} Bg7 {[%emt 0:00:13]} 3. e4 {[%emt 0:00:10]} d6 {[%emt 0:00:30]} 4. Nc3 {[%emt 0:00:21]} Nf6 {[%emt 0:02:55]} 5. Nf3 {[%emt 0:00:37]} O-O {[%emt 0:00:21]} 6. Be2 {[%emt 0:00:05]} Nbd7 {[%emt 0:03:45]} 7. O-O {[%emt 0:00:19]} e5 {[%emt 0:00:09]} 8. Be3 {[%emt 0:01:09]} Ng4 {[%emt 0:05:24]} 9. Bg5 {[%emt 0:00:11]} f6 {[%emt 0:00:00]} 10. Bd2 {[%emt 0:02:19]} c6 {[%emt 0:05:00]} 11. d5 {[%emt 0:04:54]} Qe7 {[%emt 0:07:01]} 12. Ne1 {[%emt 0:08:14]} Nh6 {[%emt 0:02:39]} 13. Nd3 {[%emt 0:00:09]} f5 {[%emt 0:01:23]} 14. dxc6 {[%emt 0:06:07]} bxc6 {[%emt 0:00:04]} 15. c5 {[%emt 0:00:05]} dxc5 {[%emt 0:09:56]} 16. Qa4 {[%emt 0:00:09]} Rb8 {[%emt 0:01:17]} 17. Qxa7 {[%emt 0:09:49]} c4 {[%emt 0:03:33]} 18. Nc1 {[%emt 0:03:05]} Rxb2 {[%emt 0:01:37]} 19. Bxc4+ {[%emt 0:00:05]} Kh8 {[%emt 0:00:37]} 20. Nb3 {[%emt 0:03:26]} fxe4 {[%emt 0:23:12]} 21. Nxe4 {[%emt 0:08:23]} Qh4 {[%emt 0:03:23]} 22. f3 {[%emt 0:00:54]} Nf5 {[%emt 0:07:44]} 23. Qa3 {[%emt 0:09:56]} Rc2 {[%emt 0:01:49]} 24. Bd3 {[%emt 0:00:09]} Nd4 {[%emt 0:06:07]} 25. Bg5 {[%emt 0:10:36]} Qh5 {[%emt 0:01:52]} 26. Nxd4 {[%emt 0:00:08]} Rxg2+ {[%emt 0:03:19]} 27. Kxg2 {[%emt 0:00:05]} exd4 {[%emt 0:00:10]} 28. Be7 {[%emt 0:01:26]} Re8 {[%emt 0:04:42]} 29. Ng3 {[%emt 0:00:15]} Qd5 {[%emt 0:00:52]} 30. Rae1 {[%emt 0:03:01]} Ne5 {[%emt 0:01:54]} 31. Bd6 {[%emt 0:00:32]} Bd7 {[%emt 0:01:14]} 32. Bxe5 {[%emt 0:00:17]} Bxe5 {[%emt 0:00:05]} 33. Qb3 {[%emt 0:00:19]} Qd6 {[%emt 0:00:29]} 34. f4 {[%emt 0:03:45]} Bxf4 {[%emt 0:00:25]} 35. Rxe8+ {[%emt 0:00:59]} Bxe8 {[%emt 0:00:02]} 36. Qb7 {[%emt 0:01:10]} g5 {[%emt 0:03:24]} 1-0

[Event "Anderssen Festival 2019"]
[Site "Wroclaw"]
[Date "2019.08.06"]
[Round "3.5"]
[White "Verwoert, Jef"]
[Black "Lugovskoy, Maxim"]
[Result "0-1"]
[WhiteElo "2034"]
[BlackElo "2425"]
[Annotator "NA"]
[PlyCount "99"]
[EventDate "2019.08.05"]
[EventType "swiss"]
[EventCountry "POL"]
[SourceTitle "playchess.com"]
[Source "ChessBase"]
[SourceQuality "1"]
[TimeControl "40/5400+30:900+30"]

1. Nf3 {[%emt 0:03:28]} d5 {[%emt 0:00:00]} 2. g3 {[%emt 0:00:10]} Nf6 {[%emt 0:00:00]} 3. Bg2 {[%emt 0:00:10]} e6 {[%emt 0:00:00]} 4. c4 {[%emt 0:00:12]} d4 {[%emt 0:00:00]} 5. O-O {[%emt 0:00:43]} c5 {[%emt 0:00:00]} 6. d3 {[%emt 0:01:00]} Nc6 {[%emt 0:00:00]} 7. e3 {[%emt 0:03:45]} Bd6 {[%emt 0:00:42]} 8. exd4 {[%emt 0:03:58]} cxd4 {[%emt 0:00:03]} 9. Bg5 {[%emt 0:02:20]} O-O {[%emt 0:00:11]} 10. Nbd2 {[%emt 0:01:33]} e5 {[%emt 0:00:06]} 11. Ne4 {[%emt 0:03:12]} Be7 {[%emt 0:00:40]} 12. Nxf6+ {[%emt 0:02:29]} Bxf6 {[%emt 0:00:05]} 13. Bxf6 {[%emt 0:03:38]} Qxf6 {[%emt 0:00:02]} 14. Nd2 {[%emt 0:01:40]} Qg6 {[%emt 0:03:48]} 15. Be4 {[%emt 0:06:34]} Qh6 {[%emt 0:04:13]} 16. a3 {[%emt 0:10:47]} a5 {[%emt 0:00:47]} 17. Rb1 {[%emt 0:00:28]} Kh8 {[%emt 0:00:14]} 18. b4 {[%emt 0:01:09]} axb4 {[%emt 0:00:03]} 19. axb4 {[%emt 0:00:17]} Ra2 {[%emt 0:01:08]} 20. f4 {[%emt 0:30:24]} Bh3 {[%emt 0:03:50]} 21. b5 {[%emt 0:07:21]} Nd8 {[%emt 0:02:11]} 22. Rf2 {[%emt 0:03:08]} exf4 {[%emt 0:00:26]} 23. Rxf4 {[%emt 0:01:44]} Ne6 {[%emt 0:00:02]} 24. Rf2 {[%emt 0:00:35]} Ng5 {[%emt 0:00:04]} 25. Bxb7 {[%emt 0:01:38]} Bg4 {[%emt 0:01:59]} 26. Qxg4 {[%emt 0:03:55]} Nh3+ {[%emt 0:00:03]} 27. Qxh3 {[%emt 0:01:16]} Qxh3 {[%emt 0:00:06]} 28. Ne4 {[%emt 0:00:26]} Rxf2 {[%emt 0:01:03]} 29. Nxf2 {[%emt 0:00:02]} Qd7 {[%emt 0:03:26]} 30. Bg2 {[%emt 0:01:42]} Rb8 {[%emt 0:00:21]} 31. b6 {[%emt 0:00:40]} Qd6 {[%emt 0:02:31]} 32. b7 {[%emt 0:00:28]} Qa3 {[%emt 0:00:03]} 33. Bd5 {[%emt 0:00:33]} f5 {[%emt 0:00:12]} 34. Rb5 {[%emt 0:01:05]} g5 {[%emt 0:01:48]} 35. c5 {[%emt 0:00:14]} f4 {[%emt 0:00:54]} 36. c6 {[%emt 0:00:20]} Qc1+ {[%emt 0:00:21]} 37. Kg2 {[%emt 0:00:09]} Qc2 {[%emt 0:04:00]} 38. Ra5 {[%emt 0:03:23]} fxg3 {[%emt 0:01:20]} 39. hxg3 {[%emt 0:00:38]} Rf8 {[%emt 0:00:07]} 40. Bf3 {[%emt 0:00:00]} g4 {[%emt 0:00:00]} 41. Ra8 {[%emt 0:11:10]} gxf3+ {[%emt 0:04:21]} 42. Kh3 {[%emt 0:00:17]} Qc5 {[%emt 0:00:10]} 43. g4 {[%emt 0:00:57]} Qd6 {[%emt 0:01:25]} 44. c7 {[%emt 0:03:15]} Qh6+ {[%emt 0:02:49]} 45. Kg3 {[%emt 0:00:07]} Qf4+ {[%emt 0:00:20]} 46. Kh3 {[%emt 0:00:23]} Qh6+ {[%emt 0:01:22]} 47. Kg3 {[%emt 0:00:07]} Qd6+ {[%emt 0:00:21]} 48. Kh3 {[%emt 0:00:07]} Qh6+ {[%emt 0:02:40]} 49. Kg3 {[%emt 0:00:07]} Qd6+ {[%emt 0:00:05]} 50. Kh3 0-1

[Event "Anderssen Festival 2019"]
[Site "Wroclaw"]
[Date "2019.08.06"]
[Round "3.6"]
[White "Dytman, Radoslaw"]
[Black "Naumkin, Igor"]
[Result "0-1"]
[WhiteElo "1745"]
[BlackElo "2368"]
[Annotator "NA"]
[PlyCount "60"]
[EventDate "2019.08.05"]
[EventType "swiss"]
[EventCountry "POL"]
[SourceTitle "playchess.com"]
[Source "ChessBase"]
[SourceQuality "1"]
[TimeControl "40/5400+30:900+30"]

1. Nf3 Nf6 2. g3 d5 3. Bg2 c5 4. d3 Nc6 5. Nbd2 e5 6. O-O Be7 7. c3 O-O 8. Qc2 h6 9. e4 d4 10. c4 Ne8 11. a3 a5 12. Ne1 Ra6 13. f4 exf4 14. gxf4 f5 15. Ndf3 Nd6 16. Bd2 Be6 17. Rf2 fxe4 18. dxe4 Nxc4 19. Bf1 Ne3 20. Bxe3 dxe3 21. Rg2 Rxf4 22. Bxa6 bxa6 23. Qc3 Qf8 24. Qxe3 c4 25. Kh1 Bc5 26. Qc3 Rxe4 27. Rd1 Re3 28. Qc2 Ne5 29. Nxe5 Rxe5 30. Qg6 Bd5 0-1

[Event "Anderssen Festival 2019"]
[Site "Wroclaw"]
[Date "2019.08.06"]
[Round "3.7"]
[White "Skliarov, Viktor"]
[Black "Luberanski, Jakub"]
[Result "1/2-1/2"]
[WhiteElo "2360"]
[BlackElo "2010"]
[Annotator "NA"]
[PlyCount "72"]
[EventDate "2019.08.05"]
[EventType "swiss"]
[EventCountry "POL"]
[SourceTitle "playchess.com"]
[Source "ChessBase"]
[SourceQuality "1"]
[TimeControl "40/5400+30:900+30"]

1. e4 {[%emt 0:00:00]} c5 {[%emt 0:00:00]} 2. Nf3 {[%emt 0:00:00]} e6 {[%emt 0:00:00]} 3. d4 {[%emt 0:00:00]} cxd4 {[%emt 0:00:00]} 4. Nxd4 {[%emt 0:00:00]} Nf6 {[%emt 0:00:00]} 5. Nc3 {[%emt 0:00:11]} d6 {[%emt 0:00:00]} 6. Be2 {[%emt 0:00:26]} Be7 {[%emt 0:00:00]} 7. O-O {[%emt 0:00:23]} O-O {[%emt 0:00:00]} 8. Be3 {[%emt 0:00:27]} Nc6 {[%emt 0:00:01]} 9. Kh1 {[%emt 0:00:42]} Bd7 {[%emt 0:01:05]} 10. f4 {[%emt 0:00:11]} a6 {[%emt 0:00:10]} 11. Qe1 {[%emt 0:00:12]} b5 {[%emt 0:00:21]} 12. a3 {[%emt 0:00:18]} Qb8 {[%emt 0:01:20]} 13. Bf3 {[%emt 0:03:55]} Nxd4 {[%emt 0:08:15]} 14. Bxd4 {[%emt 0:00:12]} e5 {[%emt 0:00:05]} 15. Nd5 {[%emt 0:13:47]} Nxd5 {[%emt 0:02:16]} 16. exd5 {[%emt 0:00:05]} exd4 {[%emt 0:12:23]} 17. Qxe7 {[%emt 0:00:06]} Bf5 {[%emt 0:00:24]} 18. Rac1 {[%emt 0:15:22]} Re8 {[%emt 0:06:45]} 19. Qg5 {[%emt 0:00:11]} Be4 {[%emt 0:01:05]} 20. f5 {[%emt 0:18:15]} Qd8 {[%emt 0:17:55]} 21. Qxd8 {[%emt 0:12:27]} Raxd8 {[%emt 0:00:22]} 22. Rfd1 {[%emt 0:00:11]} Bxf5 {[%emt 0:04:29]} 23. Rxd4 {[%emt 0:03:44]} Bxc2 {[%emt 0:00:54]} 24. h3 {[%emt 0:00:20]} Bf5 {[%emt 0:13:07]} 25. Rc6 {[%emt 0:01:42]} Bc8 {[%emt 0:05:03]} 26. Rb6 {[%emt 0:01:47]} Re1+ {[%emt 0:03:27]} 27. Kh2 {[%emt 0:00:06]} Kf8 {[%emt 0:02:45]} 28. Rd2 {[%emt 0:06:43]} Rc1 {[%emt 0:02:04]} 29. Re2 {[%emt 0:03:32]} Rc7 {[%emt 0:02:43]} 30. Rb8 {[%emt 0:00:42]} f5 {[%emt 0:01:22]} 31. g4 {[%emt 0:05:00]} Re8 {[%emt 0:05:33]} 32. Rxe8+ {[%emt 0:01:18]} Kxe8 {[%emt 0:00:01]} 33. gxf5 {[%emt 0:00:08]} Ke7 {[%emt 0:00:16]} 34. Bg4 {[%emt 0:02:58]} Kf6 {[%emt 0:00:41]} 35. Rb6 {[%emt 0:00:07]} Bxf5 {[%emt 0:04:32]} 36. Rxd6+ {[%emt 0:01:47]} Ke5 1/2-1/2

[Event "Anderssen Festival 2019"]
[Site "Wroclaw"]
[Date "2019.08.06"]
[Round "3.9"]
[White "Eggink, Ryszard"]
[Black "Krawiec, Grzegorz"]
[Result "1-0"]
[WhiteElo "2377"]
[BlackElo "1816"]
[Annotator "NA"]
[PlyCount "45"]
[EventDate "2019.08.05"]
[EventType "swiss"]
[EventCountry "POL"]
[SourceTitle "playchess.com"]
[Source "ChessBase"]
[SourceQuality "1"]
[TimeControl "40/5400+30:900+30"]

1. e4 c5 2. Nf3 e6 3. Nc3 Nc6 4. Bb5 Qc7 5. O-O Nf6 6. Bxc6 Qxc6 7. e5 Nd5 8. Ne4 d6 9. d4 cxd4 10. Nxd4 Qb6 11. exd6 Bxd6 12. c4 Ne7 13. Be3 Qd8 14. Nb5 Bc7 15. Qg4 Be5 16. Rad1 Qa5 17. b4 f5 18. Ned6+ Kf8 19. Qh5 g6 20. Qh6+ Bg7 21. bxa5 Bxh6 22. Bxh6+ Kg8 23. Nc7 1-0

[Event "Anderssen Festival 2019"]
[Site "Wroclaw"]
[Date "2019.08.06"]
[Round "3.11"]
[White "Krawiecki, Stanislaw"]
[Black "Wieczorek, Zbigniew"]
[Result "1/2-1/2"]
[WhiteElo "1923"]
[BlackElo "2235"]
[Annotator "NA"]
[PlyCount "36"]
[EventDate "2019.08.05"]
[EventType "swiss"]
[EventCountry "POL"]
[SourceTitle "playchess.com"]
[Source "ChessBase"]
[SourceQuality "1"]
[TimeControl "40/5400+30:900+30"]

1. d4 {[%emt 0:00:00]} g6 {[%emt 0:19:18]} 2. Bg5 {[%emt 0:00:27]} Bg7 {[%emt 0:00:22]} 3. e3 {[%emt 0:00:15]} c5 {[%emt 0:02:56]} 4. c3 {[%emt 0:00:10]} Qb6 {[%emt 0:00:14]} 5. Qc2 {[%emt 0:01:47]} d6 {[%emt 0:01:38]} 6. Bd3 {[%emt 0:00:59]} Nc6 {[%emt 0:01:11]} 7. f4 {[%emt 0:01:56]} Nf6 {[%emt 0:01:53]} 8. Bxf6 {[%emt 0:00:55]} Bxf6 {[%emt 0:00:31]} 9. Nf3 {[%emt 0:00:51]} cxd4 {[%emt 0:02:45]} 10. exd4 {[%emt 0:00:49]} Bg4 {[%emt 0:13:39]} 11. Nbd2 {[%emt 0:04:00]} Rc8 {[%emt 0:00:16]} 12. Qb3 {[%emt 0:01:06]} Qc7 {[%emt 0:06:39]} 13. O-O {[%emt 0:16:29]} O-O {[%emt 0:00:20]} 14. h3 {[%emt 0:02:26]} Be6 {[%emt 0:00:54]} 15. Qd1 {[%emt 0:02:36]} Qb6 {[%emt 0:00:24]} 16. Ne4 {[%emt 0:21:44]} Bg7 {[%emt 0:02:22]} 17. Qe2 {[%emt 0:01:49]} Bf5 {[%emt 0:02:37]} 18. Kh1 {[%emt 0:01:14]} Qc7 1/2-1/2

[Event "Anderssen Festival 2019"]
[Site "Wroclaw"]
[Date "2019.08.06"]
[Round "3.12"]
[White "Mitchell, Martin"]
[Black "Ochman, Sebastian"]
[Result "1-0"]
[WhiteElo "2218"]
[BlackElo "1789"]
[Annotator "NA"]
[PlyCount "111"]
[EventDate "2019.08.05"]
[EventType "swiss"]
[EventCountry "POL"]
[SourceTitle "playchess.com"]
[Source "ChessBase"]
[SourceQuality "1"]
[TimeControl "40/5400+30:900+30"]

1. d4 {[%emt 0:00:00]} c5 {[%emt 0:00:00]} 2. d5 {[%emt 0:00:07]} f5 {[%emt 0:00:03]} 3. c4 {[%emt 0:04:14]} Nf6 {[%emt 0:03:08]} 4. Nc3 {[%emt 0:02:00]} g6 {[%emt 0:00:36]} 5. Nh3 {[%emt 0:05:13]} Bg7 {[%emt 0:01:30]} 6. Nf4 {[%emt 0:02:17]} O-O {[%emt 0:06:30]} 7. h4 {[%emt 0:02:10]} e5 {[%emt 0:06:03]} 8. dxe6 {[%emt 0:03:19]} dxe6 {[%emt 0:00:09]} 9. Qxd8 {[%emt 0:13:44]} Rxd8 {[%emt 0:03:04]} 10. g3 {[%emt 0:00:22]} Nc6 {[%emt 0:20:24]} 11. Bg2 {[%emt 0:00:26]} Nb4 {[%emt 0:04:10]} 12. O-O {[%emt 0:01:08]} e5 {[%emt 0:01:26]} 13. Nfd5 {[%emt 0:01:26]} e4 {[%emt 0:00:41]} 14. Bg5 {[%emt 0:04:12]} Kf7 {[%emt 0:11:41]} 15. Nxb4 {[%emt 0:04:17]} cxb4 {[%emt 0:00:12]} 16. Nd5 {[%emt 0:01:02]} Be6 {[%emt 0:13:27]} 17. f3 {[%emt 0:07:48]} exf3 {[%emt 0:04:44]} 18. Bxf3 {[%emt 0:00:24]} Rd7 {[%emt 0:02:02]} 19. Rad1 {[%emt 0:03:44]} Bxd5 {[%emt 0:06:50]} 20. cxd5 {[%emt 0:01:02]} Re8 {[%emt 0:04:27]} 21. d6 {[%emt 0:03:58]} Ke6 {[%emt 0:03:19]} 22. Rd4 {[%emt 0:03:06]} Rxd6 {[%emt 0:01:07]} 23. Rxb4 {[%emt 0:00:33]} b6 {[%emt 0:00:26]} 24. Rc1 {[%emt 0:02:16]} Red8 {[%emt 0:01:06]} 25. Rc7 {[%emt 0:01:30]} R8d7 {[%emt 0:00:13]} 26. Rbc4 {[%emt 0:06:19]} Nd5 {[%emt 0:00:37]} 27. Rxd7 {[%emt 0:09:19]} Kxd7 {[%emt 0:00:03]} 28. b3 {[%emt 0:09:11]} b5 {[%emt 0:00:13]} 29. Rc1 {[%emt 0:00:48]} Be5 {[%emt 0:01:33]} 30. Kg2 {[%emt 0:01:48]} Nc3 {[%emt 0:00:22]} 31. Rc2 {[%emt 0:01:15]} b4 {[%emt 0:00:19]} 32. Be3 {[%emt 0:04:02]} a6 {[%emt 0:00:36]} 33. Bc5 {[%emt 0:00:14]} Rd1 {[%emt 0:03:45]} 34. Bxb4 {[%emt 0:00:19]} Nd5 {[%emt 0:00:24]} 35. Rd2 {[%emt 0:00:52]} Rxd2 {[%emt 0:00:38]} 36. Bxd2 {[%emt 0:00:03]} Nc3 {[%emt 0:00:23]} 37. a3 {[%emt 0:01:32]} Nb5 {[%emt 0:01:45]} 38. a4 {[%emt 0:01:19]} Nd4 {[%emt 0:00:02]} 39. b4 {[%emt 0:01:06]} Kc7 {[%emt 0:01:00]} 40. Kf2 {[%emt 0:00:00]} Nc2 {[%emt 0:00:00]} 41. Bd5 {[%emt 0:02:14]} Bd4+ {[%emt 0:03:43]} 42. e3 {[%emt 0:00:46]} Bf6 {[%emt 0:01:08]} 43. Bg8 {[%emt 0:01:21]} h6 {[%emt 0:00:49]} 44. Bh7 {[%emt 0:00:26]} Be7 {[%emt 0:01:28]} 45. Bxg6 {[%emt 0:00:35]} Nxb4 {[%emt 0:00:04]} 46. Bxf5 {[%emt 0:00:52]} Nd5 {[%emt 0:00:32]} 47. e4 {[%emt 0:01:13]} Nb6 {[%emt 0:00:20]} 48. Bxh6 {[%emt 0:00:37]} Nxa4 {[%emt 0:00:02]} 49. Bg7 {[%emt 0:00:21]} Nc5 {[%emt 0:02:24]} 50. h5 {[%emt 0:00:45]} Bg5 {[%emt 0:01:40]} 51. h6 {[%emt 0:00:15]} Bxh6 {[%emt 0:00:11]} 52. Bxh6 {[%emt 0:00:06]} a5 {[%emt 0:00:24]} 53. Ke3 {[%emt 0:00:39]} Kc6 {[%emt 0:00:19]} 54. Bf8 {[%emt 0:00:26]} a4 {[%emt 0:01:00]} 55. Bxc5 {[%emt 0:00:13]} Kxc5 {[%emt 0:00:08]} 56. Be6 {[%emt 0:00:18] Kd4+} 1-0

[Event "Anderssen Festival 2019"]
[Site "Wroclaw"]
[Date "2019.08.06"]
[Round "3.13"]
[White "Seredyn, Dominik"]
[Black "Nguyen, Alex Dac-Vuong"]
[Result "0-1"]
[WhiteElo "1737"]
[BlackElo "2267"]
[Annotator "NA"]
[PlyCount "80"]
[EventDate "2019.08.05"]
[EventType "swiss"]
[EventCountry "POL"]
[SourceTitle "playchess.com"]
[Source "ChessBase"]
[SourceQuality "1"]
[TimeControl "40/5400+30:900+30"]

1. Nf3 {[%emt 0:00:00]} Nf6 {[%emt 0:00:00]} 2. c4 {[%emt 0:00:00]} g6 {[%emt 0:00:00]} 3. Nc3 {[%emt 0:00:00]} Bg7 {[%emt 0:00:00]} 4. g3 {[%emt 0:00:00]} O-O {[%emt 0:00:00]} 5. Bg2 {[%emt 0:00:00]} d6 {[%emt 0:00:03]} 6. O-O {[%emt 0:00:07]} Nc6 {[%emt 0:00:06]} 7. d3 {[%emt 0:00:21]} e5 {[%emt 0:00:06]} 8. Rb1 {[%emt 0:01:01]} a5 {[%emt 0:00:05]} 9. a3 {[%emt 0:00:42]} h6 {[%emt 0:00:06]} 10. b4 {[%emt 0:01:51]} axb4 {[%emt 0:00:05]} 11. axb4 {[%emt 0:00:08]} Be6 {[%emt 0:00:05]} 12. Ne1 {[%emt 0:04:47]} d5 {[%emt 0:06:43]} 13. c5 {[%emt 0:03:22]} Ne7 {[%emt 0:09:14]} 14. Nc2 {[%emt 0:05:44]} d4 {[%emt 0:04:08]} 15. Ne4 {[%emt 0:01:48]} Nfd5 {[%emt 0:01:11]} 16. Bb2 {[%emt 0:03:53]} Qd7 {[%emt 0:02:37]} 17. e3 {[%emt 0:03:09]} dxe3 {[%emt 0:11:24]} 18. fxe3 {[%emt 0:01:28]} g5 {[%emt 0:24:55]} 19. d4 {[%emt 0:05:26]} f5 {[%emt 0:00:19]} 20. Nf2 {[%emt 0:07:38]} e4 {[%emt 0:04:39]} 21. Qd2 {[%emt 0:04:38]} h5 {[%emt 0:06:14]} 22. Ra1 {[%emt 0:02:44]} Nf6 {[%emt 0:03:28]} 23. Rxa8 {[%emt 0:02:24]} Rxa8 {[%emt 0:00:05]} 24. Ra1 {[%emt 0:00:04]} Rxa1+ {[%emt 0:00:09]} 25. Nxa1 {[%emt 0:00:16]} Qa4 {[%emt 0:01:38]} 26. Bf1 {[%emt 0:02:34]} Kf7 {[%emt 0:04:08]} 27. Nd1 {[%emt 0:06:41]} c6 {[%emt 0:01:54]} 28. Nc3 {[%emt 0:01:46]} Qxb4 {[%emt 0:00:08]} 29. Nxe4 {[%emt 0:00:13]} Qxd2 {[%emt 0:00:06]} 30. Nxd2 {[%emt 0:00:06]} Bd5 {[%emt 0:06:26]} 31. Nc4 {[%emt 0:03:05]} Ke6 {[%emt 0:05:20]} 32. Na5 {[%emt 0:01:52]} Ng4 {[%emt 0:00:05]} 33. Bc1 {[%emt 0:00:52]} f4 {[%emt 0:00:15]} 34. gxf4 {[%emt 0:02:41]} gxf4 {[%emt 0:00:06]} 35. Bh3 {[%emt 0:01:16]} Nf5 {[%emt 0:02:05]} 36. Bxg4 {[%emt 0:00:59]} hxg4 {[%emt 0:00:04]} 37. Kf2 {[%emt 0:00:18]} Bf6 {[%emt 0:04:47]} 38. Nxb7 {[%emt 0:05:25]} Bh4+ {[%emt 0:00:16]} 39. Ke2 {[%emt 0:00:06]} Bc4+ {[%emt 0:00:39]} 40. Kd1 {[%emt 0:00:00]} f3 {[%emt 0:00:00]} 0-1

[Event "Anderssen Festival 2019"]
[Site "Wroclaw"]
[Date "2019.08.06"]
[Round "3.14"]
[White "Gluch, Pawel"]
[Black "Malecki, Rafal"]
[Result "0-1"]
[WhiteElo "1739"]
[BlackElo "2063"]
[Annotator "NA"]
[PlyCount "42"]
[EventDate "2019.08.05"]
[EventType "swiss"]
[EventCountry "POL"]
[SourceTitle "playchess.com"]
[Source "ChessBase"]
[SourceQuality "1"]
[TimeControl "40/5400+30:900+30"]

1. e4 d6 2. d4 g6 3. Nf3 Nf6 4. Nbd2 Bg7 5. Bc4 O-O 6. Qe2 Nc6 7. O-O Nh5 8. Nb3 Bg4 9. c3 e5 10. Be3 Kh8 11. h3 Bxf3 12. Qxf3 f5 13. exf5 Rxf5 14. Qe4 exd4 15. Nxd4 Nxd4 16. Bxd4 d5 17. Qe3 dxc4 18. g4 Bxd4 19. cxd4 Nf4 20. gxf5 Qg5+ 21. Kh1 Qg2# 0-1